000 00500nam a2200193Ia 4500
008 151119s9999||||xx |||||||||||||| ||und||
082 _a891.464
082 _bGKKV14606
100 _aमराठे रमा
245 _aरंग सुखाचे
260 _a--
260 _b--
260 _c0
600 _aमराठे रमा
630 _aरंग सुखाचे
700 _aमराठे रमा
730 _aरंग सुखाचे
942 _cBOOK
999 _c1068106
_d1068103